000 02361nam a2200337 a 4500
001 000014813
005 20250211102200.0
008 100122s2007 dr ad 001 0 spa d
020 _a9789945130485
040 _aDO-SdBNP
_bspa
_cBNPHU
082 _a337.7293
_bI73i
100 1 _aIsa Contreras, Pavel
_d1968-
_938198
245 1 3 _aLa inserción de la República Dominicana a la economía internacional :
_breseña histórica y perspectiva analítica /
_cPável Isa Contreras ; colaboración Miguel Ceara Hatton, Hecmilio Galván ; prólogo José Luis Alemán.
260 _aSanto Domingo :
_bCIECA,
_c2007.
300 _a113 p. :
_bil., gráfcs. ;
_c24 cm.
500 _aIncluye datos biográficos del autor en la solapa de la cubierta
500 _aIncluye referencias bibliográficas y notas al pie de las páginas
504 _aBibliografía: p. 111-113
505 0 _gPrólogo /
_rJosé Luis Alemán --
_tIntroducción --
_tDe "La Era Dorada" a la globalización neoliberal: cambios en el contexto internacional durante la segunda mitad del Siglo XX --
_tTendencias a largo plazo del crecimiento económico en la República Dominicana --
_tLa inserción de la economía dominicana a la economía mundial hasta la Era de Trujillo --
_tCambios en la inserción internacional en el marco de la industrialización por Sustitución de Importaciones (ISI) --
_tCrisis, reestructuración productiva y reinserción en los ochenta --
_tLa nueva inserción internacional de la economía dominicana en los noventa --
_tNegociaciones internacionales: nueva modalidad de la política comercial --
_tAgotamiento de zonas francas y turismo: ¿crisis o reinvención? --
_tDel multilateralismo al bilateralismo y al DR-CAFTA --
_tSíntesis y conclusiones --
_gBibliografía.
590 _aInventariado, 2018/LP
650 0 _a Relaciones económicas internacionales
_91067
650 0 _aFinanzas internacionales
_97882
650 4 _aCaribe (región)
_xPolítica económica
_933564
651 4 _aRepública Dominicana
_xPolítica Comercial
_92986
651 4 _aRepública Dominicana
_xCondiciones Económicas
_9281
700 1 _aCeara-Hatton, Miguel
_ecol.
_91685
700 1 _aGalván, Hecmilio,
_ecol.
_933565
700 1 _aAlemán, José Luis,
_epról.
_97046
710 2 _aCentro de Investigación Económica para el Caribe
_933566
910 _aValidado. Control de calidad EMS
999 _c14394
_d14394